000 00377nam a22001577a 4500
020 _a9780007282395
082 _a823
_bAGA/D
100 _aAgatha Christie
245 _aDeath comes as the end/
_cby Agatha Christie
260 _aLondon:
_bHarper,
_c2001.
300 _a334p.
650 _aNovel English
650 _aLiterature English
650 _aLiterature
942 _cBK
999 _c54778
_d54778